Infekcija, vyzyvajemaja virusom Džos, u domašnich životnych i primatov. Patogennosť i immunologičeskije issledovanija

Bibliographic Details
Main Author: Fagbami, A. H. (Author)
Format: Article
Language:Russian
Subjects:

MARC

LEADER 00000nab a2200000 a 4500
001 vtls000059091
003 SK-MaSNL
005 20260319073704.0
008 140430c1979 xo 0 rus
015 |a SNBRB19rr/mm-uuuuu 
035 |a CL0069188 
040 |a SNKBUCL  |b slo  |c SNKBUCL  |e AACR2 
041 0 |a rus 
044 |a xo  |c SK 
080 |a 576.8  |2 1981 
080 |a 577  |2 1981 
080 |a 619  |2 1981 
100 1 |a Fagbami, A. H.  |4 aut  |9 1012167 
245 1 0 |a Infekcija, vyzyvajemaja virusom Džos, u domašnich životnych i primatov. Patogennosť i immunologičeskije issledovanija  |c A. H. Fagbami 
650 0 7 |a Jos  |2 snkbucl  |9 1012168 
650 0 7 |a vírus  |2 snkbucl  |9 1009608 
655 7 |a články z novín a časopisov  |2 snkbucl  |9 267496 
773 0 |t Acta virologica  |g Roč. 23, č. 3 (1979), s. 261-262 
850 |a Slovenská národná knižnica v Martine  |a MTA001 
852 |a SNK  |b KIS3GCP 
958 |a RK 
958 |a RU 
992 |a RBX 
999 |c 1653708  |d 1655638